| 000 | 00961nam a2200205 4500 | ||
|---|---|---|---|
| 999 |
_c14132 _d14132 |
||
| 008 | 190816b ||||| |||| 00| 0 eng d | ||
| 020 | _a978-1-4742-7743-3 | ||
| 082 |
_22018 _aDC 372.35044 _bM459 |
||
| 100 |
_aMcCrory, Amanda _939208 |
||
| 245 |
_aMastering primary science/ _cAmanda McCrory; Kenna Worthington |
||
| 260 |
_aLondon : _bBloomsbury Academic, _c©2018 |
||
| 300 |
_axii, 179 pages : _billustrations ; _c24 cm |
||
| 500 | _aIncludes index. | ||
| 505 | _aIntroduction 1. An Introduction to Primary Science2. Current Developments in Science3. Science as an Irresistible Activity 4. Science as a Practical Activity 5. Skills to Develop in Science6. Children's Ideas - Promoting Curiosity 7. Assessing Children in Science8. Practical Issues Bibliography Index | ||
| 650 |
_aScience -- Study and teaching (Primary) _939209 |
||
| 650 |
_aEducation. _939210 |
||
| 700 |
_aWorthington, Kenna _939211 |
||
| 365 |
_b2,214.00 _cPhp |
||
| 942 |
_2ddc _cDC |
||